00396nam a2200121Ia 4500008004000000020001800040082001500058100002300073245003700096260004300133300001300176650008500189210210b2000 xxu||||| |||| 00| 0 eng d a81 87495 25 1 a001.4 WASC aWASHID (Mohammad). aCreating outstanding term paper. aNDbAmexcel Publishers Pvt. Ltd.c2000 aviii,108 aTerm Paper writing Research Title Abstract References Manuscripts Present paper